000 00158nam a22000857a 4500
082 _a428FOW
100 _aFowler
245 _aModern english usage
942 _cBK
999 _c15188
_d15188